000 00490nam a2200157 i 4500
001 63510
003 ES-MaACL
005 20230906164907.0
007 t|
008 031211s1973 sp ||||1| spa d
100 1 _aFerreras Estrada, Gabriel.
_950530
245 1 3 _aEl trance del futuro
_b: ensayo de teología ante el reto de la desesperanza /
_cGabriel Ferreras Estrada.
260 _aSalamanca :
_bSígueme,
_c1973.
300 _a207 p. ;
_c21 cm.
852 _aES-MaACL
_jC-56017
_bR.88564
999 _c63510
_d63510